Maritime strategy ; a study of defense problems.

Bibliographic Details
Main Author: Gretton, Peter, Sir
Format: Book
Language:English
Published: New York : Praeger, [1965]
Series:Books that matter
Subjects:

MARC

Tag First Indicator Second Indicator Subfields
LEADER 00000cam a2200000 4500
001 in00000055926
005 20151008052331.0
008 750925s1965 nyu b 00100 eng
010 |a  65025485  
035 |a (OCoLC)01653786 
035 |9 AAH2875AM 
040 |a DLC  |c FAU  |d TXA  |d UtOrBLW 
049 |a TXAM  |c [458415] 
050 0 |a V165  |b .G7 
082 0 |a 359.43 
092 |a 359.43  |b G835m 
100 1 |a Gretton, Peter,  |c Sir. 
245 1 0 |a Maritime strategy ;  |b a study of defense problems. 
264 1 |a New York :  |b Praeger,  |c [1965] 
300 |a xvi, 210 pages ;  |c 22 cm. 
336 |a text  |b txt  |2 rdacontent 
337 |a unmediated  |b n  |2 rdamedia 
338 |a volume  |b nc  |2 rdacarrier 
490 0 |a Books that matter 
504 |a Bibliography: pages xiii-xiv. 
650 0 |a Strategy. 
650 0 |a Shipping. 
999 |a MARS 
999 f f |s 4d836058-8ebb-3015-949e-f1831d304a5b  |i 9bfeba75-6c32-33f7-911f-35c1d06cdfa4  |t 0 
952 f f |p ric  |a Texas A&M University  |b Rellis Campus  |c Joint Library Facility  |d Remote Storage  |t 0  |e V165 .G7  |h Library of Congress classification  |i unmediated -- volume  |m A14800807912 
998 f f |a V165 .G7  |t 0  |l Remote Storage